|
|
|
|
| LEADER |
00000nas a2200000 a 4500 |
| 001 |
ssj0038828 |
| 003 |
WaSeSS |
| 005 |
20200512172242.0 |
| 006 |
m d |
| 007 |
cr n |
| 008 |
041008c20049999miufr pss s0 a0eng c |
| 010 |
|
|
|a 2005212909
|
| 022 |
|
|
|a 1554-3749
|l 1554-3749
|
| 035 |
|
|
|a (WaSeSS)ssj0038828
|
| 037 |
|
|
|b Department of History (Coleman Hall 3755), Eastern Illinois University, 600 Lincoln Avenue, Charleston, IL 61920
|
| 040 |
|
|
|a HUH
|b eng
|c HUH
|d DLC
|d CUS
|d MUQ
|d OCLCQ
|d OCLCF
|d OCLCO
|d DLC
|d OCLCO
|d OCLCQ
|d OCLCA
|d AU@
|d WaSeSS
|
| 042 |
|
|
|a pcc
|a nsdp
|
| 043 |
|
|
|a a------
|
| 050 |
0 |
0 |
|a DS1
|
| 082 |
1 |
0 |
|a 950
|2 13
|
| 082 |
0 |
4 |
|a 950.04
|
| 130 |
0 |
|
|a Studies on Asia (East Lansing, Mich. : Online)
|
| 222 |
|
0 |
|a Studies on Asia
|b (East Lansing, Mich. : Online)
|
| 245 |
1 |
0 |
|a Studies on Asia
|h [electronic resource].
|
| 246 |
1 |
|
|a Studies on Asia, an interdisciplinary journal of Asian atudies
|
| 260 |
|
|
|a East Lansing, Mich. :
|b Asian Studies Center, Michigan State University
|
| 260 |
3 |
|
|3 <2015-> :
|a Charleston, IL :
|b Eastern Illinois University
|
| 310 |
|
|
|a Semiannual
|
| 362 |
1 |
|
|a Ser. 1, Vol. 1 (1960)-v. 8 (1967); Ser. 2, Vol. 1 (1971)-v. 2 (1974); Ser. 3, Vol. 1, no. 1 (fall 2004)- v. 4, no. 2 (fall 2007); ser. 4 Vol. 1, no. 1 (fall 2010)-
|
| 500 |
|
|
|a "Sponsored by Midwest Conference on Asian Affairs."
|
| 506 |
|
|
|a License restrictions may limit access.
|
| 588 |
|
|
|a Description based on: Series I, Vol. 1 (1960); title from caption (castle.eiu.edu, viewed Oct. 22, 2015).
|
| 588 |
|
|
|a Latest issue consulted: Ser. 4, Vol. 5, No. 1 (March 2015) (castle.eiu.edu viewed Oct. 22, 2015).
|
| 651 |
|
0 |
|a Asia
|v Periodicals.
|
| 651 |
|
6 |
|a Asie
|v Périodiques.
|
| 651 |
|
7 |
|a Asia.
|2 fast
|0 (OCoLC)fst01240495
|
| 655 |
|
0 |
|a Electronic journals.
|
| 710 |
2 |
|
|a Eastern Illinois University.
|
| 710 |
2 |
|
|a Michigan State University.
|b Asian Studies Center.
|
| 711 |
2 |
|
|a Midwest Conference on Asian Affairs.
|
| 776 |
0 |
8 |
|i Print version, 1960-1967:
|t Studies on Asia
|x 0081-881X
|w (DLC) 60015432
|w (OCoLC)1588339
|
| 850 |
|
|
|a DLC
|
| 856 |
4 |
0 |
|z Full text available from Research Library: 10/01/2010 to 04/30/2016
|u https://search.proquest.com/publication/1216355
|